WOW! Window on the world : teacher's book 2 /

Uloženo v:
Podrobná bibliografie
Hlavní autor: Nolasco, Rob.
Médium: Kniha
Jazyk:English
Vydáno: Oxford : Oxford University Press, 1990.
Témata:
Tagy: Přidat tag
Žádné tagy, Buďte první, kdo otaguje tento záznam!
Thư viện lưu trữ: Mạng thư viện Đại học Đà Nẵng
LEADER 00895cam a2200325 i 4500
001 000049328
003 9072
005 20051006161658.0
008 010326b1990 vm 000 eng
020 |a 0194324583 
040 |a IRC  |c IRC  |d IRC 
041 0 |a eng 
082 1 4 |a 428.24  |b NO-R 
100 1 |a Nolasco, Rob. 
245 0 0 |a WOW! Window on the world :  |b teacher's book 2 /  |c Rob Nolasco. 
260 |a Oxford :  |b Oxford University Press,  |c 1990. 
300 |a 163 p. :  |b ill. (some col.) ;  |c 27.5cm. 
630 0 4 |a English language. 
630 0 4 |a Foreign speakers. 
650 0 4 |a English language  |x Study and teaching  |x Textbooks for foreign speakers. 
OWN |a DUT 
999 |a From the UDN01 
TYP |a Monograph 
TYP |a Printed language 
980 |a Mạng thư viện Đại học Đà Nẵng